000 00389cam a2200157ua 4500
041 _aeng
_h
082 _a425
_bSWE/SE
100 _aSweet , Henry .
245 _aSecond middle English primer /
_cHenry Sweet.
_hTextual Documents
250 _a2 /
_b.
260 _aLondon :
_bOxford University Press ,
_c1966.
300 _a115 ; .
504 _a
942 _cBK
999 _c8548
_d8548